Biblioteca

Galatians (Registro nro. 64677)

Detalles MARC
000 -LÍDER
Campo fijo de descripción fija 01685cam a2200349 i 4500
001 - NÚMERO DE CONTROL
Campo de control 1366958
003 - IDENTIFICADOR DEL NÚMERO DE CONTROL
Campo de control CO-MdFUSB
005 - FECHA Y HORA DE LA ULTIMA TRANSACCIÓN
control field 20181031085206.0
008 - ELEMENTOS DE LONGITUD FIJA -- INFORMACIÓN GENERAL
Campo fijo de descripción fija -- Información general 120615t2012 gaua g b 000 0 eng d
020 ## - NÚMERO INTERNACIONAL NORMALIZADO PARA LIBROS
Número Internacional Normalizado del libro 9780983145776
020 ## - NÚMERO INTERNACIONAL NORMALIZADO PARA LIBROS
Número Internacional Normalizado del libro 0983145776
040 ## - FUENTE DE CATALOGACIÓN
Agencia de catalogación original MIPRT
Idioma de catalogación spa
Agencia que realiza la transcripción CO-MdFUSB
Agencia que realiza la modificación CO-MdFUSB
-- TLE
-- OCLCA
-- OCLCF
-- MXL
-- OCLCQ
-- YDX
-- PTS
Convenciones de la descripción rda
041 ## - CÓDIGO DE IDIOMA
Código de idioma para texto/pista de sonido o título separado eng
049 ## - LOCAL HOLDINGS (OCLC)
Holding library PTSS
082 04 - NÚMERO DE CLASIFICACIÓN DECIMAL DEWEY
Número de la edición del Dewey 24
Número de clasificación G 227.4
Clave de autor-Numero de item F413g
100 1# - ASIENTO PRINCIPAL--NOMBRE PERSONAL
Nombre personal Fesko, J. V.,
Fechas asociadas con el nombre 1970-
Término relacionador autor
245 00 - TÍTULO
Título del Material Galatians
Mención de responsabilidad, etc. / J.V. Fesko ; John D. Payne, editor de series.
264 #1 - PRODUCCIÓN, PUBLICACIÓN, DISTRIBUCIÓN, MANUFACTURA, Y COPYRIGHT
Lugar de producción, publicación, distribución, manufactura Powder Springs, Georgia :
Nombre del productor, publicador, distribuidor Tolle Lege Press,
Fecha de producción, publicación, distribución, manufactura, o copyright ℗[2012]
264 #4 - PRODUCCIÓN, PUBLICACIÓN, DISTRIBUCIÓN, MANUFACTURA, Y COPYRIGHT
Fecha de producción, publicación, distribución, manufactura, o copyright ©2012
300 ## - DESCRIPCIÓN FÍSICA
Extensión xxx, 209 páginas :
Otros detalles físicos ilustraciones ;
Dimensiones 22 cm.
336 ## - TIPO DE CONTENIDO
Fuente rdacontent
Término de tipo de contenido texto
Código de tipo de contenido txt
337 ## - TIPO DE MEDIO
Fuente rdamedia
Nombre del tipo de medio sin mediación
Código del tipo de medio n
338 ## - TIPO DE SOPORTE
Fuente rdacarrier
Nombre del tipo de soporte volumen
Código Tipo de soporte nc
490 1# - MENCIÓN DE SERIE
Mención de serie Lectio continua expository commentary on the New Testament
505 0# - NOTA DE CONTENIDO
Nota de contenido con formato preestablecido Ningún otro evangelio -- Llamado por Dios -- Pablo aceptado por los apóstoles -- Justificado solo por la fe -- ¿Perfeccionado por la carne? -- El evangelio en el Antiguo Testamento -- Los justos vivirán solo por la fe -- La semilla prometida -- ¿Por qué la ley? -- Hijos de Abraham, hijos de Dios -- Ya no son esclavos -- Nunca vuelvas -- Cristo se formó en ti -- Sarah y Agar -- Libertad en Cristo - Amémonos unos a otros - Camina por el Espíritu -- El fruto del Espíritu -- Llevando las cargas de los demás -- Especialmente a la familia de la fe -- La paz sobre el Israel de Dios.
630 07 - TITULO UNIFORME
Título uniforme Biblia.
Nombre de parte o sección de la obra Galatas
830 #0 - PUNTO DE ACCESO ADICIONAL DE SERIE - TÍTULO UNIFORME
Título uniforme Lectio continua.
942 ## - TIPO DE MATERIAL (KOHA)
Tipo de Item KOHA Libros General
Existencias
Estado de Material Estado de Perdido Forma de Clasificación Estado de Dañado No para Préstamo Colección Biblioteca de Origen Biblioteca Permanente Fecha de Adquisición Total de Préstamos Signatura Topográfica Código de Barras Última vez visto Última vez Préstado Fecha de Remplazo Tipo de Material
    Dewey Decimal Classification     Colección General Biblioteca FUSBC Biblioteca FUSBC 31/10/2018 1 G 227.407 F413g 22723 20/09/2023 06/09/2023 31/10/2018 Libros General

Biblioteca FUSBC | Teléfono: (57+4) 349 88 10 Ext. 141| WhatsApp (+57) 3005338115 
E-mail: biblioteca@unisbc.edu.co | Calle 76 87-14 Robledo Palenque, Medellín, Colombia

Con tecnología Koha